Thị trường địa ốc : Phụ trương thông tin quản cáo của Thời báo Kinh tế Sài Gòn Số 15 (309)
Số này trình bày các thông tin thị trường bất động sản gồm các mục như: khảo sát thị trường, nhận định thị trường, các dự án và cơ hội đầu tư,...
Wedi'i Gadw mewn:
| Fformat: | Llyfr |
|---|---|
| Iaith: | Vietnamese |
| Cyhoeddwyd: |
Tp. Hồ Chí Minh
Uỷ ban nhân dân Tp. Hồ Chí Minh
2017
|
| Pynciau: | |
| Tagiau: |
Ychwanegu Tag
Dim Tagiau, Byddwch y cyntaf i dagio'r cofnod hwn!
|
| Thư viện lưu trữ: | Thư viện Trường Đại học Nam Cần Thơ |
|---|
| LEADER | 01216nam a22002177a 4500 | ||
|---|---|---|---|
| 001 | NCT_130256 | ||
| 008 | 220310b xxu||||| |||| 00| 0 vie d | ||
| 999 | |c 6686 |d 6686 | ||
| 041 | 0 | |a vie | |
| 082 | 0 | 4 | |2 23rd ed. |a 333.33 |b Th300T |
| 245 | 0 | 0 | |a Thị trường địa ốc : |b Phụ trương thông tin quản cáo của Thời báo Kinh tế Sài Gòn |n Số 15 (309) |c Uỷ ban nhân dân Tp. Hồ Chí Minh |
| 260 | |a Tp. Hồ Chí Minh |b Uỷ ban nhân dân Tp. Hồ Chí Minh |c 2017 | ||
| 300 | |c 29cm | ||
| 310 | |a 1 tháng 2 kỳ | ||
| 362 | |a 09/2017 | ||
| 520 | 3 | |a Số này trình bày các thông tin thị trường bất động sản gồm các mục như: khảo sát thị trường, nhận định thị trường, các dự án và cơ hội đầu tư,... | |
| 655 | |a Tạp chí | ||
| 942 | |2 ddc |c CR | ||
| 952 | |0 0 |1 0 |2 ddc |4 0 |6 333_330000000000000_TH300T |7 0 |9 24561 |a 000001 |b 000001 |d 2022-05-31 |o 333.33 Th300T |r 2022-05-31 |w 2022-05-31 |y CR | ||
| 952 | |0 0 |1 0 |2 ddc |4 0 |6 333_330000000000000_TH300T |7 0 |9 24570 |a 000001 |b 000001 |d 2022-05-31 |o 333.33 Th300T |r 2022-05-31 |w 2022-05-31 |y CR | ||
| 980 | |a Thư viện Trường Đại học Nam Cần Thơ | ||